| 000 | 00465nam a22001697a 4500 | ||
|---|---|---|---|
| 003 | CEME | ||
| 005 | 20210628210413.0 | ||
| 008 | 210204b xxu||||| |||| 00| 0 eng d | ||
| 040 | _c. | ||
| 082 | _a297 HAR | ||
| 100 |
_aHaroon Yaheya, Tasadaq Hussain Raja. Dr _979248 |
||
| 245 | _aAllah key nashania ,allah is known through reason | ||
| 260 |
_aLAHORE _bIDERA ISLAMIAT _c2000 |
||
| 300 | _a240P | ||
| 650 |
_aISLAM-ALLAH KEY NASHANIA _979249 |
||
| 942 |
_cBK _2ddc |
||
| 999 |
_c584301 _d584301 |
||